Größte Städte in jedem Bundesland Deutschlands - Statistiken

Allgemein
  • Dieses Quiz wurde 182 mal gespielt
  • Das Durchschnittsergebnis liegt bei 15 aus 16
Antwortstatistiken
Bundesland Größte Stadt % Korrekt
Berlin Berlin
100%
Bremen Bremen
100%
Hamburg Hamburg
100%
Bayern München
99%
Baden-Württemberg Stuttgart
99%
Nordrhein-Westfalen Köln
98%
Sachsen Leipzig
98%
Saarland Saarbrücken
98%
Hessen Frankfurt am Main
96%
Schleswig-Holstein Kiel
96%
Brandenburg Potsdam
95%
Niedersachsen Hannover
93%
Thüringen Erfurt
91%
Rheinland-Pfalz Mainz
90%
Mecklenburg-Vorpommern Rostock
90%
Sachsen-Anhalt Halle an der Saale
73%
Keine übereinstimmenden Quizze gefunden
Verteilung der Resultate
Anzahl Personen mit jedem Resultat
Perzentil nach korrekt beantworteten Fragen
Ihre Resultats-Entwicklung
Sie haben dieses Quiz noch nicht gespielt